| 000 | 00726nam a22002417a 4500 | ||
|---|---|---|---|
| 005 | 20140310183631.0 | ||
| 008 | 131118b xxu||||| |||| 00| 0 eng d | ||
| 020 | _a9780071795531 | ||
| 050 |
_aQA 303 _b.Ay985 2013 |
||
| 100 | _aAyres, Frank Jr. | ||
| 245 |
_aSchaum's outline of calculus / _cFrank Ayres Jr., Elliott Mendelson. |
||
| 250 | _a6th ed. | ||
| 260 |
_aNew York : _bMcGraw-Hill, _c2013. |
||
| 300 |
_axii, 534 p. : _bill. _c28 cm. |
||
| 440 | _aSchaum's outline series. | ||
| 500 | _aIncludes Index. | ||
| 521 | _aEDU | ||
| 650 |
_aCalculus _xOutlines, syllabi, etc. |
||
| 650 |
_aCalculus _xProblems, exercises, etc. |
||
| 700 | _aMendelson, Elliott. | ||
| 942 |
_2lcc _cBK _kFOR |
||
| 999 |
_c25600 _d25600 |
||